Statistiques concernant Les 10 joueurs les plus décisifs avec le PSG.

Cliquez ici pour prendre le quiz!

Statistiques générales

  • Ce quiz a été pris 215 fois
  • Le résultat moyen est 7 sur 10

Statistiques - réponses

G+AJoueursPériodes% Correct
300Kylian Mbappe2017-Present
100%
235Edinson Cavani2013-2020
97%
209Zlatan Ibrahimovic2012-2016
95%
188Neymar2017-2023
94%
204Angel Di Maria2015-2022
89%
127Pauleta2003-2008
71%
101Javier Pastore2011-2018
58%
91Lucas2013-2018
42%
82Nene2010-2013
40%
67Guillaume Hoarau2008-2013
37%

Distribution des résultats

Percentile par nombre de réponses

% des personnes avec chaque résultat

Votre développement - résultats

Vous n’avez pas pris ce quiz